书目信息 |
| 题名: |
刘熙《释名》语源与文化探析
|
|
| 作者: | 魏宇文 著 | |
| 分册: | ||
| 出版信息: | 北京 中国社会科学出版社 2016 |
|
| 页数: | 254页 | |
| 开本: | 24cm | |
| 丛书名: | 嘉应学院中国语言文学学科学术丛书 | |
| 单 册: | ||
| 中图分类: | H131.3 | |
| 科图分类: | ||
| 主题词: | 训诂--xun gu | |
| 电子资源: | ||
| ISBN: | 978-7-5161-8966-5 | |
| 000 | 01253nam0 22002771 450 | |
| 001 | 1760854532 | |
| 005 | 20170619171919.0 | |
| 010 | @a978-7-5161-8966-5@dCNY62.00 | |
| 100 | @a20161201d2016 em y0chiy50 ea | |
| 101 | 0 | @achi |
| 102 | @aCN@b110000 | |
| 105 | @ay z 000yy | |
| 106 | @ar | |
| 200 | 1 | @a刘熙《释名》语源与文化探析@9liu xi shi ming yu yuan yu wen hua tan xi@f魏宇文著 |
| 210 | @a北京@c中国社会科学出版社@d2016 | |
| 215 | @a254页@d24cm | |
| 225 | 2 | @a嘉应学院中国语言文学学科学术丛书@9jia ying xue yuan zhong guo yu yan wen xue xue ke xue shu cong shu |
| 300 | @a嘉应学院校级重点学科(中国语言文学)学科建设资金和中央财政支持嘉应学院发展专项资金“汉语言文学学科建设”项目资助 嘉应学院科研处出版基金、嘉应学院文学院资助 | |
| 330 | @a本书通过对刘熙《释名》词语穷尽性的统计,对其语源训释的语音关系和意义关系进行全面考察分析和归纳总结,对《释名》语源和文化进行系统科学的研究,运用“声义兼顾”的原则去评价《释名》,通过详实的数据,从而得出比较令人信服的结论。 | |
| 461 | 0 | @12001 @a嘉应学院中国语言文学学科学术丛书 |
| 605 | @a《释名》@Ashi ming@x研究 | |
| 606 | 0 | @a训诂@9xun gu |
| 690 | @aH131.3@v5 | |
| 701 | 0 | @a魏宇文@9wei yu wen@c(女,@f1962~)@4著 |
| 801 | 0 | @aCN@b百万庄@c20170617 |
| 905 | @b1013493-5@dH131.3@e341@f3 | |
| 刘熙《释名》语源与文化探析/魏宇文著 .-北京:中国社会科学出版社,2016 |
| 254页;24cm.-(嘉应学院中国语言文学学科学术丛书) |
| 嘉应学院校级重点学科(中国语言文学)学科建设资金和中央财政支持嘉应学院发展专项资金“汉语言文学学科建设”项目资助 嘉应学院科研处出版基金、嘉应学院文学院资助 |
| ISBN 978-7-5161-8966-5:CNY62.00 |
| 本书通过对刘熙《释名》词语穷尽性的统计,对其语源训释的语音关系和意义关系进行全面考察分析和归纳总结,对《释名》语源和文化进行系统科学的研究,运用“声义兼顾”的原则去评价《释名》,通过详实的数据,从而得出比较令人信服的结论。 |
| ● |
| 相关链接 |
|
|
|
|
正题名:刘熙《释名》语源与文化探析
索取号:H131.3/341
 
预约/预借
| 序号 | 登录号 | 条形码 | 馆藏地/架位号 | 状态 | 备注 |
| 1 | 1013493 | 210134932 | 第二样本阅览室/ [索取号:H131.3/341] | 在馆 | |
| 2 | 1013494 | 210134941 | 第四借阅区/ [索取号:H131.3/341] | 在馆 | |
| 3 | 1013495 | 210134950 | 教育系资料室/ [索取号:H131.3/341] | 在馆 |